000 00936nam a2200277Ia 4500
003 OSt
005 20220918171339.0
006 a|||||r|||| 00| 0
007 ta
008 220917b |||||||| |||| 00| 0 eng d
020 _a9781517906702 (pbk)
_cUKP 18.99
024 _a349,116
037 _b13890, 15/03/2019, Elite Publishers Distributors
_cTextual
040 _aARTS
_cARTS
_beng
041 _2eng
_aeng
082 _aP:795, Q8
100 _aGrossman Evelyne Au.
_936026
245 0 _aAnguish of thought
260 _aMinneapoils
_bUniversity of Minnesota Press USA
_c2018
300 _axv,179p.
_ccm.
650 _aTRANSLATING AND INTERPRETING
700 _a Burchill Louise Tr.
_936027
700 _a Cripsey Matthew Tr.
_936028
942 _hP:795, Q8
_cTEXL
_2CC
999 _c139174
_d139174